LEADER 01095nam a2200265 u 4500 001 000000078146 003 CaOOAMICUS 005 20070226123410.0 008 040326s2003 it d u000 u ita u 020 $a8843025457 035 $a10988579 040 $aMSA$bita 245 10$aIdentità italiana e cattolicesimo :$buna prospettiva storica /$ca cura di Cesare Mozzarelli. 260 $aRoma :$bCarocci,$c2003. 300 $a494 p. :$bprosp. ;$c22 cm 490 1 $aStudi storici ;$v37 504 $aPresenta riferimenti bibliografici. 700 1 $aMozzarelli, Cesare.$0(OLS)http://pul/name/24209 830 0$aStudi storici (Carocci) ;$v37.$0(OLS)http://pul/title/102406 850 $aPUL 852 $aPUL$W1$xSL Religione 3$y85$m282. 45 MOZCE 1$j100259$nBK-PRI$b $qDDC 21$B100259$CPULBib$Z2$F100259 $HPUL95365 $81 941 1 $a9 996 $6020$a8843025457$9(OLS)http://pul/number/102469 996 $6245$aIdentità italiana e cattolicesimo :$buna prospettiva storica$9(OLS)http://pul/title/102405 996 $6260$aRoma :$bCarocci$9(OLS)http://pul/publisher/66917 LEADER 01302nam a2200313 a 4500 001 000000170868 003 CaOOAMICUS 005 20181130101435.0 008 181130s2008 it ae u000 u ita r 020 $a978-88-89398-42-5* 032 $aLibriCat 040 $aPUL$bita 082 04$a726 100 1 $aGuarino, Francesco.$0(OLS)http://pul/name/97718 245 10$aAbbazie benedettine in Umbria /$cFrancesco Guarino, Alberto Melelli ; fotografie di Bernardino Sperandio. 260 $aPerugia :$bQuattroemme,$c©2008. 300 $a262 p. :$bill., piante ;$c25 cm. 504 $aBibliografia in nota. 650 4$aAbbazie$zItalia$zUmbria.$0(OLS)http://pul/subject/45793 700 1 $aMelelli, Alberto.$0(OLS)http://pul/name/109888 700 1 $aSperandio, Bernardino.$0(OLS)http://pul/name/109889 850 $aPUL 852 $aPUL$W1$xDP2 Cons. Gen., Altre Classi 3$y97$m726 GUAFR 1$j194083$qDDC 21$B199378$CPULBib$Z2$F199378 $H131795 $81 941 1 $a9 996 $6020$a978-88-89398-42-5*$9(OLS)http://pul/number/165436 996 $6082$a726$9(OLS)http://pul/classification/2345 996 $6245$aAbbazie benedettine in Umbria$9(OLS)http://pul/title/211709 996 $6260$aPerugia :$bQuattroemme$9(OLS)http://pul/publisher/87062